000 00529nam a22001697a 4500
008 151124b xxu||||| |||| 00| 0 eng d
020 _a0863411142
041 0 _aeng
080 _a621.333
100 1 _aFinney, David.
245 1 0 _aVariable frequency AC motor drive systems /
_cDavid Finney.
260 _aLondon, U.K. :
_bP. Peregrinus on behalf of the Institution of Electrical Engineers,
_cc1988.
300 _a391 f. :
_bme ill. ;
_c24 cm.
650 0 _aMotorët elektrikë
650 0 _aRryma alternative
942 _2udc
_cBK
999 _c1380
_d1380